000
00296nam a22001337a 4500
008
170412b xxu||||| |||| 00| 0 eng d
020
_a
0838596479
041
_a
eng
080
_2
21 ED
_a
618
100
_a
10
101
_a
shm
245
_a
WILLIAM OBSTETRICS
_c
CUNNINGHAM.F.G
942
_2
udc
_c
BK
999
_c
10527
_d
10527